000 01268nam a22003377a 4500
003 CHAP
005 20220329140621.0
008 971013s1977 r 00010 d
010 _a54813
011 _a55785
035 _a59938
040 _cCHAP
090 _aTesis
100 0 0 _aTurenne Coissy, Henry.
_9115600
245 _aSelección de material germoplásmico de maíz (Zea Mays L.) al tizón de la hoja mediante el uso de la patotoxina del agente causal : Helminthosporium maydis Nisikado y Miyaque
260 _aMonterrey, N.L. :
_bEl autor,
_c1977
300 _a38 h.
_b: gráfs.
502 _aTesis (M. en C. Esp. en Parasitología Agrícola) -- ITESM. Div. de Ciencias Agropecuarias y Marítimas. Programa de Graduados
590 _aALEPH
_b10
_c20130110
_lUCH01
_h1332
590 _aBATCH-UPD
_b10
_c20130110
_lUCH01
_h0300
590 _aBATCH-UPD
_b10
_c20130110
_lUCH01
_h1720
590 _aBATCH-UPD
_b10
_c20130409
_lUCH01
_h2331
590 _aBATCH-UPD
_b10
_c20130914
_lUCH01
_h1737
590 _aCONVERSION
_b10
_c20130109
_lUCH01
_h1330
650 1 4 _aHelminthosporium maydis.
_953467
650 1 4 _aMaíz
_xEnfermedades.
_970939
650 1 4 _aMaíz
_xGenética.
_970963
901 _aBK
942 _cTESIS
949 _bBC
_cTES
_d-129417
_eTS1
_i59938
_si
999 _c54813
_d54813